| 000 | 00878nam a22002657a 4500 | ||
|---|---|---|---|
| 999 |
_c12143 _d12143 |
||
| 005 | 20251125232834.0 | ||
| 008 | s2544 th tha d | ||
| 020 | _a9747737604 | ||
| 040 | _aNALT | ||
| 041 | _atha | ||
| 050 | _aHG179 บ827พ 2544 | ||
| 100 | 0 | _aเบอร์เค็ท, แลรี่ | |
| 245 | 1 | 0 | _aพิชิตปัญหาหนี้สิน |
| 246 | _aVictory over debt | ||
| 260 | 3 |
_aกรุงเทพฯ : _bฟอร์เพซ, _c2544 |
|
| 300 |
_a290 หน้า : _b ตาราง ; _c 21 ซม. |
||
| 650 | 0 | 4 | _aการเงินส่วนบุคคล |
| 650 | 0 | 4 | _aหนี้สิน |
| 650 | 0 | 4 | _aเครดิต |
| 700 | 0 | _aเบอร์เค็ท, แลรี่ | |
| 850 | _aNALT | ||
| 856 | 4 | 0 |
_uhttps://hdl.handle.net/20.500.14156/448215 _71 |
| 942 |
_cGB _2lcc |
||